Wszystkie Gole Antonego dla Manchesteru United - Statystyki

Ogólne statystyki
  • Ten quiz został rozwiązany 41 razy
  • Średni wynik to 5 z 12
Statystyki odpowiedzi
Wskazówka Odpowiedź % Poprawnych
Rzut Karny Barnsley
65%
Po podaniu Przy dłuższym słupku Arsenal
58%
Bramka z obrotu po przyjęciu Liverpool
55%
Zza pola karnego przy słupku w środkową część bramki ManchesterCity
55%
Wolej wewnętrzną częścią stopy wdolny róg Barcelona
52%
Po krótkim biegu nad rękami bramkarza Everton
42%
Z przed pola karnego w okno bramki(Europa League) Real Betis
42%
Bramka po biegu obok obrońcy, dolny róg Burnley
32%
Wślizg, do pustej bramki(FA Cup) Everton
32%
Dobitka po słupku innego zawodnika Newport
32%
Podkręcona piłka, z poza pola karnegoBlisko „okienka" Charlton
23%
Wślizg do bramki obok jednego z obrońców Nottingham Forest
23%
Nie znaleziono quizów pasujących do podanych kryteriów
Rozkład punktacji
Procent ludzi z każdym wynikiem
Percentyl według liczby udzielonych odpowiedzi
Twoja historia wyników
Nie rozwiązałeś tego quizu